Experiencia en el curso académico sobre planeamiento, urbano y regional, IPL, LIMA, PERU. Su aplicación en Nicaragua

Presenta un estudio de una visión global del programa d adiestramiento académico a profesionales, en planeamiento urbano y regional con carácter multidisciplinario, en el Instituto de Planteamiento de Lima, Perú.

Bibliographic Details
Main Author: Pérez Palacios, Guillermo
Other Authors: Tutor: Alejandro Dipp
Format: Tesis Section = Libro
Language:Undetermined
Spanish
Published: Managua Universidad Nacional Autónoma de Nicaragua (UNAN) 1973
Subjects:
LEADER 00998nam a2200217Ia 4500
008 240830s9999 xx 000 0 und d
040 |a BIBLIOTECA-RUSB/ Mon 711.4 P438 
041 |a spa 
082 |a Mon 711.4 P438 
100 1 |a Pérez Palacios, Guillermo 
245 1 0 |a Experiencia en el curso académico sobre planeamiento, urbano y regional, IPL, LIMA, PERU. Su aplicación en Nicaragua 
260 |a Managua  |b Universidad Nacional Autónoma de Nicaragua (UNAN)  |c 1973 
300 |a 141 p. :il. 
502 |a Tesis (Arquitecto) - Universidad Nacional Autónoma de Nicaragua (UNAN), 1973. 
520 3 |a Presenta un estudio de una visión global del programa d adiestramiento académico a profesionales, en planeamiento urbano y regional con carácter multidisciplinario, en el Instituto de Planteamiento de Lima, Perú. 
650 7 |a CIUDADES (PLANES Y PLANIFICACION LOCALES) 
650 7 |b  ARQUITECTURA 
700 1 |a Tutor:  |b Alejandro Dipp 
942 |c BK  |2 ddc 
991 |a TESIS 
999 |c 20956